000 00596nmm a2200193Ia 4500
008 251105s9999||||xx |||||||||||||||||und||
020 _a9788437074122
041 _aspa
100 _aPecourt García, Juan
245 0 _aEuropa global, Europa social
264 _a[Madrid, España] :
_bPublicaciones de la Universidad de Valencia (PUV),
_c2009
300 _a352 páginas
490 _aEuropa Política
650 _aPolitical Science (General)
700 _aPecourt García, Juan
700 1 _a Diamond, Patrick
856 _uhttps://public.digitaliapublishing.com/a/34657
942 _cCF
999 _c69851
_d69851